000 00335nam a2200157Ia 4500
003 0STCL
008 150530s9999 xx 000 0 und d
040 _aSTCL
_cSTCL
100 _aClarence Day
245 _aLife with father
260 _c1952
546 _aEnglish
942 _2ddc
_cBK
999 _c69106
_d69106
005 20220125171411.0